Tìm hiểu văn hóa ngưởi Mường qua lễ hội khai hạ Mường Bi - Tân Lạc - Hòa Bình
Khái quát về vùng đất và con người Mường Bi huyện Tân Lạc, tỉnh Hòa Bình. Khảo tả lễ hội khai hạ Mường Bi. Lễ hội khai hạ Mường Bi - giá trị văn hóa đặc sắc cần bảo tồn và phát triển
Bewaard in:
| Hoofdauteur: | |
|---|---|
| Andere auteurs: | |
| Formaat: | Boek |
| Taal: | Vietnamese |
| Gepubliceerd in: |
Đại học Đà Nẵng
Trường đại học Sư Phạm
2008
|
| Reeks: | Khóa luận tốt nghiệp đại học. Chuyên ngành: Cử nhân Văn học
|
| Onderwerpen: | |
| Tags: |
Voeg label toe
Geen labels, Wees de eerste die dit record labelt!
|
| Thư viện lưu trữ: | Mạng thư viện Đại học Đà Nẵng |
|---|
| LEADER | 01602nam a2200349 4500 | ||
|---|---|---|---|
| 001 | 000011576 | ||
| 003 | 7829 | ||
| 005 | 20120207090230.0 | ||
| 008 | 120207s2008 viesd | ||
| 041 | |a vie | ||
| 072 | |a Khóa luận tốt nghiệp | ||
| 082 | |a 895.92 |b VU-H | ||
| 100 | |a Vũ, Lan Hương | ||
| 245 | |a Tìm hiểu văn hóa ngưởi Mường qua lễ hội khai hạ Mường Bi - Tân Lạc - Hòa Bình |c Vũ, Lan Hương | ||
| 260 | |a Đại học Đà Nẵng |b Trường đại học Sư Phạm |c 2008 | ||
| 300 | |a 66 tr. |b hình ảnh mhọa |c 29 cm | ||
| 490 | |a Khóa luận tốt nghiệp đại học. Chuyên ngành: Cử nhân Văn học | ||
| 500 | |a Tham khảo tr.66 + phụ lục [5 tr.] | ||
| 520 | |a Khái quát về vùng đất và con người Mường Bi huyện Tân Lạc, tỉnh Hòa Bình. Khảo tả lễ hội khai hạ Mường Bi. Lễ hội khai hạ Mường Bi - giá trị văn hóa đặc sắc cần bảo tồn và phát triển | ||
| 653 | |a Khóa luận tốt nghiệp đại học | ||
| 653 | |a Khoa Ngữ văn | ||
| 700 | |a Lương, Vĩnh An |c Th.S |e Hướng dẫn | ||
| OWN | |a LSP | ||
| AVA | |a UDN50 |b LSP |d 895.92 VU-H |e available |t Error 5001 Not defined in file expand_doc_bib_avail. |f 1 |g 0 |h N |i 0 |k 1 | ||
| 999 | |a From the UDN01 | ||
| AVA | |a UDN50 |b LSP |d 895.92 VU-H |e available |t Error 5001 Not defined in file expand_doc_bib_avail. |f 1 |g 0 |h N |i 0 |k 1 | ||
| TYP | |a Monograph | ||
| TYP | |a Printed language | ||
| 980 | |a Mạng thư viện Đại học Đà Nẵng | ||